• 首页
  • 本馆介绍
  • 公告通知
  • 最新文献
  • 馆藏检索
  • 电子资源
  • 读者导购
  • 参考咨询
  • 我的图书馆
  • 登录
  • 详细信息显示
  • 放入我的书架
  • 预约/预借图书
  • 作者相关作品
  • 分类相关作品
  • 丛书相关作品
  • 出版社相关作品

书目信息

  • 表格格式
  • 工作单格式
  • 卡片格式
题名:
书品
    
 
作者:
分册: 1994年合订本  
出版信息: 北京   中华书局  1994
页数: 64,64,64,64页
开本: 19cm
丛书名:
单 册:
中图分类: Z62
科图分类:
主题词: 期刊--中国 , 连续出版物--中国
电子资源:
ISBN: 7-101-01400-3
000 00496nam0 2200193 45
001 0405121648
005 20040512165317.4
010    @a7-101-01400-3@dCNY10.00
100    @a20040512d1994 km y0chiy0120 ea
101 0  @achi
105    @a z 000yy
200 1  @a书品@h1994年合订本@AShu Pin
210    @a北京@c中华书局@d1994
215    @a64,64,64,64页@d19cm
606 0  @a期刊@x中国
606 0  @a连续出版物@x中国
690    @aZ62@v3
801    @aCN@bTSTCL@c20040512
905    @f1@b275129@dZ62@e4:1994
    
    书品.1994年合订本.-北京:中华书局,1994
    64,64,64,64页;19cm
    
    
    ISBN 7-101-01400-3:CNY10.00
    
●
相关链接 在E读中查询图书 在五车中查询图书 在当当中查询图书 在豆瓣中查询图书


正题名:书品     索取号:Z62/4:1994         预约/预借

序号 登录号 条形码 馆藏地/架位号 状态 备注
1 0275128   001316258   第二样本阅览室/ [索取号:Z62/4:1994] 在馆    
2 0275129   001316294   第三借阅区/ [索取号:Z62/4:1994] 在馆    
唐山师范学院图书馆 欢迎您!
大连网信软件有限公司© 版权所有